Art in consumer culture : (Record no. 20512)

000 -LEADER
fixed length control field 01294cam a2200277 a 4500
001 - CONTROL NUMBER
control field 16493789
003 - CONTROL NUMBER IDENTIFIER
control field OSt
005 - DATE AND TIME OF LATEST TRANSACTION
control field 20170119100851.0
008 - FIXED-LENGTH DATA ELEMENTS--GENERAL INFORMATION
fixed length control field 101007s2011 enka b 001 0 eng
010 ## - LIBRARY OF CONGRESS CONTROL NUMBER
LC control number 2010043377
020 ## - INTERNATIONAL STANDARD BOOK NUMBER
International Standard Book Number 9781409422402 (hardcover : alk. paper)
040 ## - CATALOGING SOURCE
Original cataloging agency DLC
Transcribing agency DLC
Modifying agency DLC
050 00 - LIBRARY OF CONGRESS CALL NUMBER
Classification number NK1505
Item number .M39 2011
082 00 - DEWEY DECIMAL CLASSIFICATION NUMBER
Classification number 745.209/051
Edition number 22
100 1# - MAIN ENTRY--PERSONAL NAME
Personal name McQuilten, Grace.
245 10 - TITLE STATEMENT
Title Art in consumer culture :
Remainder of title mis-design /
Statement of responsibility, etc. Grace McQuilten.
246 30 - VARYING FORM OF TITLE
Title proper/short title Mis-design
260 ## - PUBLICATION, DISTRIBUTION, ETC. (IMPRINT)
Place of publication, distribution, etc. Farnham, Surrey UK, England ;
-- Burlington, VT :
Name of publisher, distributor, etc. Ashgate Pub. Co.,
Date of publication, distribution, etc. 2011.
300 ## - PHYSICAL DESCRIPTION
Extent 203 p. :
Other physical details ill. ;
Dimensions 24 cm.
504 ## - BIBLIOGRAPHY, ETC. NOTE
Bibliography, etc Includes bibliographical references (p. [185]-195) and index.
505 0# - FORMATTED CONTENTS NOTE
Formatted contents note Introduction -- Art, design, mis-design -- Playing Zittel : Andrea Zittel's design for living -- Adam Kalkin's architectural wonderland -- Overcoming design : Vito Acconci/Acconci Studio -- Conclusion.
650 #0 - SUBJECT ADDED ENTRY--TOPICAL TERM
Topical term or geographic name as entry element Design
General subdivision Philosophy.
650 #0 - SUBJECT ADDED ENTRY--TOPICAL TERM
Topical term or geographic name as entry element Art and design.
906 ## - LOCAL DATA ELEMENT F, LDF (RLIN)
a 7
b cbc
c orignew
d 1
e ecip
f 20
g y-gencatlg
942 ## - ADDED ENTRY ELEMENTS (KOHA)
Source of classification or shelving scheme
Koha item type Hard Covered Materials
Classification part NK 1505 .M39 2011
Holdings
Withdrawn status Lost status Source of classification or shelving scheme Damaged status Not for loan Home library Current library Shelving location Date acquired Source of acquisition Total Checkouts Full call number Barcode Date last seen Price effective from Koha item type
          MACHAKOS UNIVERSITY LIBRARY MACHAKOS UNIVERSITY LIBRARY Technical section 19/01/2017 Donation (BFA).   NK 1505 .M39 2011 30748 31/07/2018 19/01/2017 Hard Covered Materials
© Machakos University Library, Along The Highway, Machakos Wote Rd, Machakos, Kenya P.O. Box 136 - 90100 Machakos - Kenya

Tel: ( +254 ) 723 805829 OR Fax : 044-20353 OR Email: library@mksu.ac.ke